[Event "Gaprindashvili Cup Open II Stage 2020"]
[Site "Online"]
[Date "2020.11.08"]
[Round "8.3"]
[White "Jojua, Davit"]
[Black "Quparadze, Giga"]
[Result "1/2-1/2"]
[WhiteElo "2557"]
[BlackElo "2463"]
[Annotator "TA"]
[PlyCount "28"]
[EventDate "2020.11.04"]
[EventType "swiss"]
[SourceTitle "playchess.com"]
[Source "ChessBase"]
[SourceQuality "1"]

{[%evp 24,28,0,0,4,0,0]} 1. d4 Nf6 2. c4 e6 3. g3 d5 4. Nf3 Bb4+ 5. Bd2 Be7 6. Bg2 O-O 7. O-O c6 8. Qc2 b6 9. Bf4 Bb7 10. Rd1 Nbd7 11. Ne5 Nh5 12. Bc1 Nhf6 {[#]} 13. Bf4 $146 ({Predecessor:} 13. Nc3 Nxe5 14. dxe5 Ng4 15. Bf4 g5 16. Bc1 Nxe5 17. b3 Ng6 18. Bb2 Bf6 19. b4 Rc8 20. Ne4 Bxb2 21. Qxb2 {½-½ (49) Grischuk,A (2766)-Anand,V (2764) Paris 2019}) 13... Nh5 {E08: Closed Catalan: Main Line: 7 Qc2.} 14. Bc1 Nhf6 {An uneventful encounter.} 1/2-1/2

[Event "Gaprindashvili Cup Open II Stage 2020"]
[Site "Online"]
[Date "2020.11.08"]
[Round "8.4"]
[White "Pantsulaia, Levan"]
[Black "Bagaturov, Giorgi"]
[Result "1-0"]
[WhiteElo "2553"]
[BlackElo "2431"]
[Annotator "TA"]
[PlyCount "63"]
[EventDate "2020.11.04"]
[EventType "swiss"]
[SourceTitle "playchess.com"]
[Source "ChessBase"]
[SourceQuality "1"]

{[%evp 11,63,18,27,27,27,27,27,31,39,12,45,51,76,0,0,0,0,0,44,32,44,44,42,41,84,86,84,92,106,106,106,106,107,107,119,107,131,131,141,131,164,159,177,181,164,161,200,202,233,239,277,269,287,279]} 1. Nf3 Nf6 2. g3 g6 3. b3 Bg7 4. Bb2 O-O 5. Bg2 d5 6. c4 c5 7. cxd5 {A05: Réti Opening: 1 Nf3 Nf6.} Qxd5 8. Nc3 Qd6 9. Rc1 {White has an edge.} Nc6 10. O-O b6 {[#]} 11. d4 $1 {[%mdl 512]} Rd8 {[#]} (11... cxd4 12. Nb5) 12. Ne5 $5 $146 {[%mdl 8] An interesting novelty.} ({Predecessor:} 12. e4 Qb8 13. Re1 Nxd4 14. Nxd4 cxd4 15. Nd5 Nxd5 16. exd5 e5 17. dxe6 Bxe6 18. Bxa8 Qxa8 19. f3 Qd5 20. Kg2 h5 21. Qd2 Qf5 22. Rcd1 h4 23. Qf4 Qxf4 {½-½ (23) Puranik,A (2495)-Sviridov,V (2519) Abu Dhabi 2017}) 12... Nxd4 $11 (12... Nxe5 13. dxe5) 13. Nxf7 Kxf7 14. Bxa8 Bh3 15. Bg2 Bxg2 16. Kxg2 Qc6+ 17. e4 Nxe4 18. Nxe4 Qxe4+ 19. f3 Qe2+ 20. Qxe2 {[%mdl 64] Overworked Piece} Nxe2 21. Rc2 Bxb2 22. Rxe2 $16 {[%mdl 4096] Endgame KRR-KRB} Bd4 23. Rd1 e6 24. f4 h5 25. Kf3 Kf6 26. b4 Rd7 27. Rd3 Rc7 28. bxc5 bxc5 29. Ke4 Rb7 30. Ra3 Bg1 31. Ra6 c4 32. Rc6 {Av CentiPawn Loss W=-5/B=-15. Weighted=-4/-13} 1-0

[Event "Gaprindashvili Cup Open II Stage 2020"]
[Site "Online"]
[Date "2020.11.08"]
[Round "8.5"]
[White "Volkov, Nika"]
[Black "Shanava, Konstantine"]
[Result "0-1"]
[WhiteElo "2084"]
[BlackElo "2504"]
[Annotator "TA"]
[PlyCount "110"]
[EventDate "2020.11.04"]
[EventType "swiss"]
[SourceTitle "playchess.com"]
[Source "ChessBase"]
[SourceQuality "1"]

{[%evp 12,110,25,18,28,16,33,28,35,21,23,23,22,23,20,16,31,14,21,15,20,12,32,9,27,31,22,9,10,0,25,0,0,2,8,6,0,0,0,0,0,0,0,0,0,0,0,0,4,11,8,2,67,34,93,0,0,0,0,-11,-1,-5,-19,-79,-90,-168,-173,-169,-159,-366,-366,-368,-350,-345,-364,-362,-351,-355,-327,-322,-307,-479,-478,-445,-395,-729,-727,-724,-316,-316,0,-710,-684,-684,-558,-624,-538,-889,-851,-29989,-1177]} 1. d4 d5 2. c4 dxc4 3. e3 e6 4. Bxc4 Nf6 5. Nf3 c5 6. O-O cxd4 7. Nxd4 Bd7 {D26: Queen's Gambit Accepted: 4 e3 e6 5 Bxc5 c5 sidelines.} 8. b3 Nc6 9. Bb2 Be7 {[#] White has an edge.} 10. Qe2 $146 ({Predecessor:} 10. Nc3 a6 11. Qd2 O-O 12. Rad1 Qc7 13. Nce2 Ne5 14. Rc1 Qb6 15. Ng3 Nxc4 16. Rxc4 {0-1 (41) Kerkay,E (2220)-Dlugy,M (2545) Las Vegas 1995}) 10... Nxd4 11. Bxd4 O-O 12. Rd1 Qc7 13. Nd2 {[%cal Bb1d2,Bd2f3,Bf3e5][%mdl 32]} Bc6 14. Nf3 Rfd8 15. Rac1 Qa5 16. Ne5 Bd5 17. a4 Bxc4 18. Nxc4 Qb4 19. Qb2 Rac8 20. h3 (20. Bxa7 $2 Rxd1+ 21. Rxd1 Rxc4 $19) 20... h6 21. Bc3 ({Wrong is} 21. Bxa7 $2 Rxd1+ 22. Rxd1 Rxc4 $19) 21... Rxd1+ 22. Rxd1 Qc5 23. Bd4 Qb4 24. Ne5 a6 25. Rc1 Rd8 26. Rc7 Qe1+ 27. Kh2 Bd6 28. Rc1 Qb4 29. Rc4 Qa5 30. f4 Qd5 31. Nf3 Ne8 (31... b5 $11 32. Bxf6 gxf6) 32. Qc2 Bf8 (32... Qf5 $14) 33. Rc8 ({White should play} 33. Bb6 $16 {Black must now prevent Rd4.} Rd6 34. a5) 33... Rxc8 $11 34. Qxc8 Nd6 35. Qa8 f6 36. b4 Ne4 37. Qc8 (37. Nh4 $11 Kf7 38. Ng6 Kxg6 39. Qxf8) 37... Qc6 $17 38. Qa8 (38. Qd8 $17) 38... Kf7 $19 ({Inferior is} 38... Qxa4 39. Qxb7 Nd6 40. Qc7 $11) 39. b5 axb5 40. a5 $2 (40. axb5 $17 Qxb5 41. Nh4) 40... b4 41. Bb6 Qd5 42. Nd4 Be7 43. Qc8 b3 44. Nxb3 Qxb3 45. Qxb7 {[#]} Nc5 $1 {[%mdl 576] Pin} 46. Qa7 (46. Qc7 {is a better defense.} Qa3 47. h4) (46. Bxc5 Qxb7) 46... Qxe3 47. Qc7 {and the idea a6! leaves White hopeful.} e5 48. f5 $2 (48. fxe5 fxe5 49. Qc6 Qf4+ 50. Kh1) 48... Qf4+ 49. Kh1 Qc1+ (49... Qf1+ $142 50. Kh2 Qxf5) 50. Kh2 Qf4+ 51. Kh1 $1 Qf1+ 52. Kh2 Qb5 53. Qc8 Qd7 54. Qb8 e4 {[#] ( -> ...Bd6+)} 55. Kh1 Qd1+ {NOTEXT-5218: White=0.39/Black=0.28} 0-1

[Event "Gaprindashvili Cup Open II Stage 2020"]
[Site "Online"]
[Date "2020.11.08"]
[Round "8.6"]
[White "Endeladze, Ramaz"]
[Black "Lortkipanidze, Nodar"]
[Result "0-1"]
[WhiteElo "1894"]
[BlackElo "2416"]
[Annotator "TA"]
[PlyCount "50"]
[EventDate "2020.11.04"]
[EventType "swiss"]
[SourceTitle "playchess.com"]
[Source "ChessBase"]
[SourceQuality "1"]

{[%evp 11,50,32,41,21,34,0,48,10,19,5,6,-5,-4,-6,0,-15,-12,-10,15,15,79,62,116,-129,-133,-139,-129,-128,-125,-162,-162,-232,-242,-731,-714,-1445,-1435,-1384,-1383,-2471,-2407]} 1. d4 e6 2. Nf3 f5 3. g3 b6 4. Bg2 Bb7 5. O-O Nf6 6. c4 a5 7. Nc3 {A84: Dutch Defence: 2 c4 Miscellaneous.} Bb4 8. Nb1 O-O 9. a3 {White is slightly better.} (9. c5 $5 {[%cal Ra2a3]}) 9... Be7 10. Nc3 {[#]} Ne4 $146 ({Predecessor:} 10... d6 11. Qc2 Ne4 12. Rb1 Bf6 13. e3 Nd7 14. b4 Qe8 15. Nb5 Qd8 16. Bb2 c6 {0-1 (51) Guthmann,A-Meinhardt,R Deidesheim 2000}) 11. Qc2 Nxc3 12. Qxc3 Be4 13. Nd2 Bxg2 14. Kxg2 Bf6 15. e4 c5 (15... d6 $11) 16. e5 $16 cxd4 (16... Be7 $14) 17. Qxd4 $2 (17. Qf3 $16 Nc6 18. exf6) 17... Nc6 $1 $36 {[%csl LRd4,LRe5][%cal Bb8c6,Bc6e5,Be5g4][%mdl 2144] [#] Double Attack. Keeping White busy.} 18. Qe3 Nxe5 19. Rb1 Qc8 20. Qxb6 Ra6 {[%cal Ba8a6,Ba6d6,Bd6d3][%mdl 32]} 21. Qb5 (21. Qe3 $142) 21... Qa8+ $19 22. Kg1 $2 (22. f3) 22... Rd6 {And now ...Rxd2! would win.Black is clearly winning.} 23. f4 Ng4 {( -> ...Bd4+)} 24. Nf3 Rd3 25. Kg2 {[#]} Qe4 $1 {[%mdl 512] NOTEXT-5218: White=0.99/Black=0.14} 0-1

[Event "Gaprindashvili Cup Open II Stage 2020"]
[Site "Online"]
[Date "2020.11.08"]
[Round "8.7"]
[White "Sulashvili, Malkhaz"]
[Black "Petriashvili, Nikoloz"]
[Result "1/2-1/2"]
[WhiteElo "2381"]
[BlackElo "2425"]
[Annotator "TA"]
[PlyCount "79"]
[EventDate "2020.11.04"]
[EventType "swiss"]
[SourceTitle "playchess.com"]
[Source "ChessBase"]
[SourceQuality "1"]

{[%evp 15,79,14,22,0,48,21,34,22,43,17,22,22,17,19,22,22,20,20,25,29,26,0,16,7,40,37,29,0,0,0,0,0,0,0,0,0,0,0,0,-1,-6,-8,-8,-8,-8,-8,-8,-33,-7,-33,-7,-21,0,0,0,0,0,0,0,0,0,0,0,0,0,0]} 1. Nf3 c5 2. c4 Nc6 3. g3 g6 4. Bg2 Bg7 5. O-O d6 6. Nc3 Nf6 7. d4 cxd4 8. Nxd4 Bd7 9. e3 {A31: Symmetrical English: 2 Nf3 Nf6 3 d4.} Qa5 {[#]} 10. Nxc6 $146 ({Predecessor:} 10. Bd2 Qb6 11. Nxc6 Bxc6 12. b3 h5 13. e4 h4 14. Be3 Qa5 15. Rc1 hxg3 16. hxg3 Rd8 {½-½ (63) Romano,J (2053)-Rego,P (2249) Vila Nova de Famalicao 2019}) 10... Bxc6 11. Bd2 {White is slightly better.} O-O 12. Nd5 Qd8 13. Bc3 Nxd5 14. cxd5 {[#] Bxg7 is the strong threat.} Bd7 15. Bxg7 Kxg7 16. Qd4+ f6 17. Rfc1 a6 {[%cal Ba7a6,Ba6a5][%mdl 32]} 18. b4 a5 19. Bf1 b5 20. a3 Qb8 21. Rab1 (21. a4 {looks sharper.} bxa4 22. b5 Rc8 23. Qe4 Kf7 24. Rc6) 21... axb4 22. Qxb4 Rc8 23. Rxc8 Qxc8 24. Bxb5 Bxb5 25. Qxb5 Rxa3 26. Qb7 Qxb7 27. Rxb7 $11 {[%mdl 4096] Endgame KR-KR} Kf7 28. Kg2 f5 29. Rb4 Rd3 30. Rb5 Kf6 31. h4 Rd2 32. Ra5 h6 33. Rb5 {The position is equal.} g5 34. hxg5+ hxg5 35. g4 fxg4 36. Kg3 Kg6 37. Rb7 Kf6 38. Rb5 Rc2 39. Rb4 Rd2 40. Rb5 {NOTEXT-5218: White=0.08/Black=0.07} 1/2-1/2

[Event "Gaprindashvili Cup Open II Stage 2020"]
[Site "Online"]
[Date "2020.11.08"]
[Round "8.9"]
[White "Morchiashvili, Bachana"]
[Black "Kacharava, Nikolozi"]
[Result "0-1"]
[WhiteElo "2313"]
[BlackElo "2443"]
[Annotator "TA"]
[PlyCount "56"]
[EventDate "2020.11.04"]
[EventType "swiss"]
[SourceTitle "playchess.com"]
[Source "ChessBase"]
[SourceQuality "1"]

{[%evp 18,55,23,-4,0,-18,-12,-35,-32,-32,-29,-16,-23,-32,-32,-33,-29,-31,-28,-33,-31,-23,-31,-36,0,0,0,0,0,-5,44,-18,0,-278,-275,-29997,-29998,-29998,-29999,-29999]} 1. d4 d5 2. Nf3 Nf6 3. c4 dxc4 4. e3 e6 5. Bxc4 c5 6. Qe2 a6 7. dxc5 Bxc5 8. O-O Nc6 9. e4 b5 10. Bb3 Bb7 {D29: Queen's Gambit Accepted: Classical main line: 7 Qe2 with early ...Nbd7.} 11. e5 Nd5 12. Rd1 O-O {[#] Black is slightly better.} 13. Bg5 $146 ({Predecessor:} 13. Nc3 Nxc3 14. bxc3 Qa5 15. Bg5 Qxc3 16. Rac1 Qb4 17. Bd2 Nd4 18. Nxd4 Qxd4 19. Be1 {1-0 (27) Caridi,N-Trevis,R LSS email 2008}) 13... Qb6 14. Bxd5 exd5 15. Nc3 Nd4 16. Nxd4 Bxd4 17. a4 {[%cal Ba2a4,Ba4b5,Bb5a6][%mdl 32]} Rae8 18. Bf4 f6 {[%cal Rf6e5]} 19. axb5 fxe5 20. Be3 {[%cal Rb5a6]} Bxe3 21. fxe3 {[%cal Rb5a6]} d4 22. bxa6 {[#] Hoping for exd4.} Ba8 23. Na4 $132 {[%mdl 2048] White is fighting back} Qc6 {And now ...dxe3 would win.} 24. Rdc1 ({Avoid the trap} 24. exd4 $2 exd4 25. Qd2 d3 $19) ({White should try} 24. e4 $1 $14) 24... Qg6 $11 {White must now prevent ...dxe3.} 25. Ra3 $2 {[%mdl 8192]} (25. e4 $11 {and White stays safe.}) 25... Rc8 $19 {[%mdl 64] [#] Overworked Piece} 26. Rxc8 $2 (26. Raa1 $19 Bf3 27. Qf2 Rxc1+ 28. Rxc1) 26... Qb1+ {Black mates.} 27. Rc1 Qxc1+ 28. Qe1 Qxe1# {Av CentiPawn Loss W=-81/B=-65. Weighted=-84/-30} 0-1

[Event "Gaprindashvili Cup Open II Stage 2020"]
[Site "Online"]
[Date "2020.11.08"]
[Round "8.10"]
[White "Qalichava, Akaki"]
[Black "Adamia, Jaba"]
[Result "1-0"]
[WhiteElo "1877"]
[BlackElo "1899"]
[Annotator "NA"]
[PlyCount "131"]
[EventDate "2020.11.04"]
[EventType "swiss"]
[SourceTitle "playchess.com"]
[Source "ChessBase"]
[SourceQuality "1"]
[TimeControl "1500+5"]

1. e4 {[%emt 0:00:03]} c5 {[%emt 0:00:03]} 2. Nf3 {[%emt 0:00:03]} e6 {[%emt 0:00:05]} 3. d4 {[%emt 0:00:12]} cxd4 {[%emt 0:00:10]} 4. Nxd4 {[%emt 0:00:03]} a6 {[%emt 0:00:02]} 5. Bd3 {[%emt 0:00:02]} Nf6 {[%emt 0:00:23]} 6. O-O {[%emt 0:00:05]} Qc7 {[%emt 0:00:07]} 7. Qe2 {[%emt 0:00:05]} d6 {[%emt 0:00:16]} 8. c4 {[%emt 0:00:08]} g6 {[%emt 0:00:14]} 9. Nc3 {[%emt 0:00:17]} Bg7 {[%emt 0:00:05]} 10. Be3 {[%emt 0:00:04]} O-O {[%emt 0:00:09]} 11. h3 {[%emt 0:00:07]} Nbd7 {[%emt 0:00:08]} 12. Rac1 {[%emt 0:00:07]} b6 {[%emt 0:00:08]} 13. b3 {[%emt 0:00:07]} Bb7 {[%emt 0:00:04]} 14. Bb1 {[%emt 0:00:21]} Nc5 {[%emt 0:00:27]} 15. f3 {[%emt 0:00:03]} Rac8 {[%emt 0:01:38]} 16. Rfd1 {[%emt 0:00:07]} Rfd8 {[%emt 0:00:24]} 17. Qf2 {[%emt 0:00:07]} Ncd7 {[%emt 0:00:36]} 18. Nde2 {[%emt 0:00:08]} Ba8 {[%emt 0:00:48]} 19. Nf4 {[%emt 0:02:13]} Rb8 {[%emt 0:00:55]} 20. Bd3 {[%emt 0:00:07]} Ne5 {[%emt 0:00:14]} 21. Bf1 {[%emt 0:00:04]} Qb7 {[%emt 0:02:01]} 22. Na4 {[%emt 0:02:53]} b5 {[%emt 0:04:15]} 23. cxb5 {[%emt 0:00:03]} axb5 {[%emt 0:00:05]} 24. Nb6 {[%emt 0:00:05]} d5 {[%emt 0:01:15]} 25. exd5 {[%emt 0:01:09]} Nxd5 {[%emt 0:01:25]} 26. Nfxd5 {[%emt 0:00:02]} exd5 {[%emt 0:00:05]} 27. Nxa8 {[%emt 0:01:01]} Rxa8 {[%emt 0:01:41]} 28. Rc5 {[%emt 0:00:28]} d4 {[%emt 0:05:28]} 29. Rxd4 {[%emt 0:02:27]} Nxf3+ {[%emt 0:01:29]} 30. gxf3 {[%emt 0:00:03]} Bxd4 {[%emt 0:00:03]} 31. Bxd4 {[%emt 0:00:02]} Rd5 {[%emt 0:00:32]} 32. Rxd5 {[%emt 0:02:27]} Qxd5 {[%emt 0:00:03]} 33. Be3 {[%emt 0:00:13]} Re8 {[%emt 0:00:28]} 34. Qd2 {[%emt 0:00:23]} Qxf3 {[%emt 0:00:16]} 35. Bf2 {[%emt 0:00:15]} Qf5 {[%emt 0:00:18]} 36. a4 {[%emt 0:01:06]} bxa4 {[%emt 0:00:23]} 37. bxa4 {[%emt 0:00:02]} Ra8 {[%emt 0:00:17]} 38. Qd4 {[%emt 0:00:17]} h5 {[%emt 0:00:23]} 39. Bg2 {[%emt 0:00:13]} Rc8 {[%emt 0:00:11]} 40. Kh2 {[%emt 0:01:59]} Kh7 {[%emt 0:00:05]} 41. Bg3 {[%emt 0:00:12]} Rc2 {[%emt 0:00:08]} 42. Qe3 {[%emt 0:01:23]} Ra2 {[%emt 0:00:10]} 43. Qb3 {[%emt 0:00:10]} Re2 {[%emt 0:00:14]} 44. Kh1 {[%emt 0:00:42]} Qf6 {[%emt 0:00:19]} 45. Qf3 {[%emt 0:00:18]} Qa1+ {[%emt 0:00:05]} 46. Kh2 {[%emt 0:00:06]} Qa2 {[%emt 0:00:02]} 47. a5 {[%emt 0:00:29]} Re7 {[%emt 0:00:10]} 48. Qd5 {[%emt 0:00:30]} Qa4 {[%emt 0:00:06]} 49. Qd6 {[%emt 0:00:34]} Re6 {[%emt 0:00:07]} 50. Qf8 {[%emt 0:00:24]} Qd7 {[%emt 0:00:02]} 51. Qa3 {[%emt 0:00:32]} Re2 {[%emt 0:00:05]} 52. Qf3 {[%emt 0:01:03]} Ra2 {[%emt 0:00:02]} 53. Be1 {[%emt 0:00:08]} Qc7+ {[%emt 0:00:05]} 54. Qg3 {[%emt 0:00:07]} Qxg3+ {[%emt 0:00:04]} 55. Kxg3 {[%emt 0:00:04]} g5 {[%emt 0:00:04]} 56. Bb7 {[%emt 0:00:08]} Ra3+ {[%emt 0:00:03]} 57. Kg2 {[%emt 0:00:06]} g4 {[%emt 0:00:04]} 58. hxg4 {[%emt 0:00:08]} hxg4 {[%emt 0:00:01]} 59. a6 {[%emt 0:00:02]} f5 {[%emt 0:00:02]} 60. Bf2 {[%emt 0:00:14]} f4 {[%emt 0:00:02]} 61. a7 {[%emt 0:00:04]} g3 {[%emt 0:00:08]} 62. Bc5 {[%emt 0:00:15]} Ra2+ {[%emt 0:00:12]} 63. Kh3 {[%emt 0:00:06]} Rh2+ {[%emt 0:00:13]} 64. Kg4 {[%emt 0:00:03]} Ra2 {[%emt 0:00:06]} 65. Be4+ {[%emt 0:00:03]} Kh6 {[%emt 0:00:03]} 66. Bf8# {[%emt 0:00:03]} 1-0

[Event "Gaprindashvili Cup Open II Stage 2020"]
[Site "Online"]
[Date "2020.11.08"]
[Round "8.11"]
[White "kiladze, Luka"]
[Black "Safarov, Deniel"]
[Result "0-1"]
[WhiteElo "1786"]
[BlackElo "1720"]
[Annotator "NA RC"]
[PlyCount "72"]
[EventDate "2020.11.04"]
[EventType "swiss"]
[SourceTitle "playchess.com"]
[Source "ChessBase"]
[SourceQuality "1"]
[TimeControl "1500+5"]

1. d4 {[%emt 0:00:04]} Nf6 {[%emt 0:00:03]} 2. Nf3 {[%emt 0:00:09]} g6 {[%emt 0:00:02]} 3. c4 {[%emt 0:00:02]} Bg7 {[%emt 0:00:01]} 4. g3 {[%emt 0:00:01]} O-O {[%emt 0:00:02]} 5. Bg2 {[%emt 0:00:01]} d6 {[%emt 0:00:01]} 6. O-O {[%emt 0:00:01]} Nc6 {[%emt 0:00:01]} 7. Nc3 {[%emt 0:00:06]} e5 {[%emt 0:00:02]} 8. d5 {[%emt 0:00:02]} Nb8 {[%emt 0:00:02]} 9. e4 {[%emt 0:00:01]} a5 {[%emt 0:00:01]} 10. Ne1 {[%emt 0:00:08]} Na6 {[%emt 0:00:02]} 11. Nd3 {[%emt 0:00:02]} Nd7 {[%emt 0:00:01]} 12. Be3 {[%emt 0:00:07]} Nac5 {[%emt 0:00:12]} 13. Nxc5 {[%emt 0:00:12]} Nxc5 {[%emt 0:00:02]} 14. b3 {[%emt 0:00:01]} f5 {[%emt 0:00:31]} 15. f3 {[%emt 0:00:09]} h5 {[%emt 0:01:19]} 16. Rc1 {[%emt 0:01:18]} h4 {[%emt 0:00:57]} 17. exf5 {[%emt 0:01:17]} gxf5 {[%emt 0:00:53]} 18. Qd2 {[%emt 0:01:10]} hxg3 {[%emt 0:00:55]} 19. hxg3 {[%emt 0:00:04]} Qe8 {[%emt 0:00:08]} 20. Nb5 {[%emt 0:01:14]} Qg6 {[%emt 0:01:55]} 21. Nxc7 {[%emt 0:00:53]} f4 {[%emt 0:01:08]} 22. Bxc5 {[%emt 0:01:54]} dxc5 {[%emt 0:00:04]} 23. Rce1 {[%emt 0:00:56]} fxg3 {[%emt 0:01:50]} 24. Nxa8 {[%emt 0:02:28]} Bh6 {[%emt 0:00:04]} 25. Qb2 {[%emt 0:00:43]} Bf4 {[%emt 0:03:08]} 26. Nc7 {[%emt 0:03:39]} Qh6 {[%emt 0:00:43]} 27. Bh1 {[%emt 0:00:06]} Be3+ {[%emt 0:00:47]} 28. Rxe3 {[%emt 0:00:07]} Qxe3+ {[%emt 0:00:02]} 29. Kg2 {[%emt 0:00:03]} Rf6 {[%emt 0:01:23]} 30. Qc2 {[%emt 0:02:13]} Bh3+ {[%emt 0:01:06]} 31. Kxh3 {[%emt 0:00:13]} Rh6+ {[%emt 0:00:03]} 32. Kxg3 {[%emt 0:00:01]} Qf4+ {[%emt 0:00:04]} 33. Kf2 {[%emt 0:00:04]} Rh2+ {[%emt 0:00:07]} 34. Bg2 {[%emt 0:00:01]} Qh4+ {[%emt 0:00:20]} 35. Ke3 {[%emt 0:00:09]} Qd4+ {[%emt 0:00:02]} 36. Ke2 {[%emt 0:00:35]} Rxg2+ {[%emt 0:00:02]} 0-1

[Event "Gaprindashvili Cup Open II Stage 2020"]
[Site "Online"]
[Date "2020.11.08"]
[Round "8.12"]
[White "Patsia, Zviad"]
[Black "Kekelidze, Mikheil"]
[Result "0-1"]
[WhiteElo "2204"]
[BlackElo "2388"]
[Annotator "TA"]
[PlyCount "90"]
[EventDate "2020.11.04"]
[EventType "swiss"]
[SourceTitle "playchess.com"]
[Source "ChessBase"]
[SourceQuality "1"]

{[%evp 16,90,64,60,64,65,66,52,50,55,51,34,64,40,56,47,52,38,45,49,61,47,65,57,72,98,89,81,136,8,81,70,87,68,97,138,176,39,59,43,43,2,16,-117,-102,-155,-131,-205,-204,-259,-270,-325,-329,-332,-339,-310,-318,-558,-556,-568,-342,-388,-355,-429,-408,-472,-470,-520,-508,-531,-519,-742,-725,-29991,-29992,-29996,-29997]} 1. e4 c5 2. Nf3 e6 3. d4 cxd4 4. Nxd4 a6 5. Bd3 Qb6 6. Nb3 Qc7 7. O-O d6 8. c4 Nf6 9. Nc3 b6 {B42: Sicilian: Kan Variation: 5 Bd3.} 10. Be3 Nbd7 11. Nd4 Bb7 {White is slightly better.} 12. Rc1 Nc5 {[%cal Rf6e4]} 13. f3 {[#]} Be7 $146 ({Predecessor:} 13... Nxd3 14. Qxd3 Rc8 15. Na4 Nd7 16. b3 Nc5 17. Nxc5 dxc5 18. Ne2 Bd6 19. h3 O-O 20. Rcd1 Rcd8 {0-1 (37) Halasz,F (2101)-Adzic,S (2119) Hungary 2011}) 14. Bb1 O-O 15. Qe2 Rac8 16. Rfd1 Qb8 17. Qf2 Bd8 18. g4 Bc7 19. Qh4 Ncd7 20. g5 Ne8 21. f4 g6 22. f5 (22. Rf1 $16) 22... Ng7 (22... Ne5 $1 $11 {remains equal.}) 23. f6 $16 Nh5 24. Bd3 Ne5 25. Be2 Kh8 26. Bxh5 ({White should try} 26. a4 $18) 26... gxh5 $14 27. Qxh5 Rg8 $1 28. Rf1 b5 29. cxb5 (29. Kh1 $1 $11 {was the only way to keep the balance.} Qa8 30. Rf4 (30. cxb5 $2 Bxe4+ 31. Kg1 Bb6 $19)) 29... Bb6 $17 {Black converts the advantage convincingly.} 30. Rce1 (30. Rf4 $142 Rxg5+ 31. Qxg5) 30... axb5 31. Ndxb5 (31. a3 $17 {was worth a try.}) 31... Ba6 $1 $19 32. Kh1 {aiming for a4.} Bxb5 33. Nxb5 {Threatens to win with a4.} Bxe3 {[%mdl 64] Discovered Attack} 34. Rxe3 {Threatening mate with Rh3.} Qxb5 {[%cal Rb5f1][%mdl 64] Double Attack} 35. Rg1 {[#]} Rg6 $1 ({Worse is} 35... Qxb2 {[#]} 36. Qxh7+ $1 {[%mdl 512]} Kxh7 37. Rh3+ Kg6 38. Rh6#) 36. Rh3 $2 (36. Qe2 {was the only chance.} Qxe2 37. Rxe2) 36... h6 37. Qd1 Qc6 38. Qe1 Rcg8 39. Rc3 Qb7 40. h4 Qxb2 41. Rcg3 Qd4 42. Qe2 d5 43. exd5 Qxh4+ 44. Kg2 Rxg5 45. Rxg5 Qxg5+ {[%mdl 64] Double Attack.  NOTEXT-5218: White=0.63/Black=0.16} 0-1

[Event "Gaprindashvili Cup Open II Stage 2020"]
[Site "Online"]
[Date "2020.11.08"]
[Round "8.13"]
[White "Mindiashvili, Tengiz"]
[Black "Elashvili, Giorgi"]
[Result "1/2-1/2"]
[WhiteElo "1923"]
[BlackElo "1857"]
[Annotator "NA"]
[PlyCount "99"]
[EventDate "2020.11.04"]
[EventType "swiss"]
[SourceTitle "playchess.com"]
[Source "ChessBase"]
[SourceQuality "1"]
[TimeControl "1500+5"]

1. e4 {[%emt 0:00:09]} e6 {[%emt 0:00:08]} 2. d4 {[%emt 0:00:02]} d5 {[%emt 0:00:01]} 3. Nc3 {[%emt 0:00:01]} Nf6 {[%emt 0:00:02]} 4. Bg5 {[%emt 0:00:03]} Bb4 {[%emt 0:00:08]} 5. e5 {[%emt 0:00:05]} h6 {[%emt 0:00:01]} 6. Bd2 {[%emt 0:00:02]} Bxc3 {[%emt 0:00:05]} 7. bxc3 {[%emt 0:00:02]} Ne4 {[%emt 0:00:02]} 8. Qg4 {[%emt 0:00:01]} g6 {[%emt 0:00:10]} 9. Bd3 {[%emt 0:00:04]} Nxd2 {[%emt 0:00:36]} 10. Kxd2 {[%emt 0:00:03]} h5 {[%emt 0:00:02]} 11. Qf4 {[%emt 0:00:16]} c5 {[%emt 0:00:36]} 12. Nf3 {[%emt 0:00:06]} Nc6 {[%emt 0:01:12]} 13. Rab1 {[%emt 0:01:29]} Qe7 {[%emt 0:04:09]} 14. h4 {[%emt 0:00:24]} b6 {[%emt 0:03:14]} 15. Ng5 {[%emt 0:00:25]} cxd4 {[%emt 0:00:53]} 16. cxd4 {[%emt 0:00:08]} Bd7 {[%emt 0:01:53]} 17. c3 {[%emt 0:04:08]} Rc8 {[%emt 0:00:15]} 18. Rh3 {[%emt 0:00:21]} Rc7 {[%emt 0:01:40]} 19. Rf3 {[%emt 0:00:16]} Nd8 {[%emt 0:00:46]} 20. Qf6 {[%emt 0:08:14]} Qxf6 {[%emt 0:00:18]} 21. Rxf6 {[%emt 0:00:02]} Ke7 {[%emt 0:01:56]} 22. f3 {[%emt 0:02:32]} Be8 {[%emt 0:00:10]} 23. Rh1 {[%emt 0:00:50]} b5 {[%emt 0:03:15]} 24. Rb1 {[%emt 0:00:18]} Rb7 {[%emt 0:00:18]} 25. a3 {[%emt 0:00:38]} a6 {[%emt 0:00:16]} 26. Be2 {[%emt 0:02:17]} Kf8 {[%emt 0:01:03]} 27. a4 {[%emt 0:00:35]} Kg7 {[%emt 0:00:09]} 28. axb5 {[%emt 0:00:14]} Bxb5 {[%emt 0:01:00]} 29. Bxb5 {[%emt 0:00:09]} Rxb5 {[%emt 0:00:17]} 30. Rxb5 {[%emt 0:00:17]} axb5 {[%emt 0:00:02]} 31. Kc2 {[%emt 0:00:02]} Re8 {[%emt 0:00:19]} 32. Kb3 {[%emt 0:00:12]} Re7 {[%emt 0:00:01]} 33. g4 {[%emt 0:00:12]} Rb7 {[%emt 0:01:16]} 34. gxh5 {[%emt 0:00:17]} gxh5 {[%emt 0:00:03]} 35. Nh3 {[%emt 0:00:04]} Nc6 {[%emt 0:00:12]} 36. Nf4 {[%emt 0:00:04]} b4 {[%emt 0:00:07]} 37. Nxh5+ {[%emt 0:00:04]} Kg8 {[%emt 0:00:02]} 38. Rf4 {[%emt 0:00:19]} Na5+ {[%emt 0:00:15]} 39. Kc2 {[%emt 0:00:47]} b3+ {[%emt 0:00:09]} 40. Kb1 {[%emt 0:00:05]} Nc4 {[%emt 0:00:24]} 41. Rg4+ {[%emt 0:00:42]} Kh7 {[%emt 0:00:12]} 42. Nf6+ {[%emt 0:00:03]} Kh6 {[%emt 0:00:05]} 43. Ng8+ {[%emt 0:00:47]} Kh7 {[%emt 0:00:04]} 44. Nf6+ {[%emt 0:00:07]} Kh6 {[%emt 0:00:05]} 45. Ng8+ {[%emt 0:00:18]} Kh7 {[%emt 0:00:03]} 46. Nf6+ {[%emt 0:00:02]} Kh6 {[%emt 0:00:01]} 47. Ng8+ {[%emt 0:00:21]} Kh7 {[%emt 0:00:03]} 48. Nf6+ {[%emt 0:00:04]} Kh6 {[%emt 0:00:01]} 49. Ng8+ {[%emt 0:00:10]} Kh7 {[%emt 0:00:02]} 50. Nf6+ {[%emt 0:00:02]} 1/2-1/2